Pays du monde arabe - Statistiques

Statistiques générales
  • Ce quiz a été pris 260 fois
  • Le résultat moyen est 18 sur 22
Statistiques - réponses
Réponse % Correct
Algérie
98%
Maroc
98%
Arabie Saoudite
96%
Égypte
96%
Tunisie
95%
Irak
92%
Oman
91%
Yémen
91%
Libye
90%
Syrie
90%
Émirats arabes unis
88%
Liban
88%
Qatar
86%
Jordanie
85%
Koweït
80%
Bahreïn
78%
Soudan
78%
Mauritanie
73%
Palestine
71%
Somalie
59%
Djibouti
51%
Comores
38%
Aucun quiz correspondant
Distribution des résultats
% des personnes avec chaque résultat
Percentile par nombre de réponses
Votre historique - résultats
Vous n’avez pas pris ce quiz